Connaissance et intérêt /

में बचाया:
ग्रंथसूची विवरण
मुख्य लेखक: Habermas, Jürgen (autor)
अन्य लेखक: Clémençon, Gérard (traducción) (traducción)
स्वरूप: पुस्तक
भाषा:फ़्रेंच
प्रकाशित: París, Francia : Gallimard, 1976, c1976
टैग: टैग जोड़ें
कोई टैग नहीं, इस रिकॉर्ड को टैग करने वाले पहले व्यक्ति बनें!

MARC

LEADER 00000nam^a2200000^a^4500
001 000564779
005 20250521000000.0
009 20260310132032.926
037 |a Acervo Xavier Clavigero 
041 |a FRA 
091 |a FPA. 00914 
100 |a Habermas, Jürgen  |e (autor) 
245 1 0 |a Connaissance et intérêt / 
264 4 |a París, Francia :  |b Gallimard,  |c 1976, c1976 
300 |a 383 p. 
336 |a texto  |b txt  |2 rdacontenido 
337 |a sin mediación  |b n  |2 rdamedio 
338 |a volumen  |b nc  |2 rdasoporte 
649 |a XX 
700 |a Clémençon, Gérard  |e (traducción) 
910 |a Fondo José Ignacio Palencia Gómez S.J. 
920 |a Impresos - Libros 
930 |a Fondos Especiales 
905 |a 137 
901 |a 0500359999  |b IT2  |c ESL  |i D  |u 20250521 
902 |a https://opac.biblio.iteso.mx/vufind/Record/000564779